Responses for Show #473 - Wednesday, October 1, 1986

Game entered from audiorecording. Missing prizes.

Contestants

[<< previous game]

Chuck Wessel, a graduate teaching assistant from Perry, North Carolina

Anne Summers, a housewife originally from Calgary, Canada

Jonathan Oren, a pedicab operator originally from Honolulu, Hawaii (whose 1-day cash winnings total $9,613)

[next game >>]

Jeopardy! Round responses

20th CENTURY AMERICA
PHOBIAS
IRAN
COMIC BOOKS
FAMOUS WOMEN
"RICH" & "POOR"
(Alex: Both those words will appear in all the correct responses.)
    $100 16
Mount Rushmore

Anne
    $100 21
hydrophobia

Chuck
    $100 7
Omar Khayyam

Chuck
    $100 26
Batman

Chuck
    $100 2
Marilyn Monroe

Chuck
    $100 14
(Jonathan: Uh... save.)

take from the rich & give to the poor

JonathanAnne
    $200 17
(Anne: Uh, who is, uh, Bonnie Barrow?)
(Chuck: Who is Bonnie?)
...
(Alex: Anne, you can't ring in again.)

Ma Barker

AnneChuck
Triple Stumper
    $200 22
(Alex: Yes, that's Jonathan's lucky number; we've got a minute to go in the round.)

the number 13

Chuck
    $200 8
(Persian) rugs

Jonathan
    $200 27
[The end-of-round signal sounds.]

Superman

Jonathan
    $200 3
Queen Elizabeth II

Chuck
    $200 15
Poor Richard's Almanack

Chuck
    $300 1
Charlotte

Anne
    $300 23
fear of fear itself

Anne
    $300 9
the Caspian Sea

Anne
    $300 4
Navratilova

Anne
    $300 18
for richer or poorer

Anne
    $400 12
(Chuck: What is Friday?)

Tuesday

AnneChuck
    $400 24
stars

Anne
    $400 10
(Mohammad) Reza Pahlavi

Anne
    $400 5
Zola Budd

Chuck
    $1,000 19
(Anne: What is "Rich man, poor man"?)
(Alex: I'll need more than that.)
...
(Alex: I'll give it you--[*], doctor, lawyer, Indian chief.)

rich man, poor man, beggar man, thief

Anne
    $500 13
A Raisin in the Sun

Anne
    $500 25
(Anne: What is fear of himself?)

work

Anne
Triple Stumper
    $500 11
New Year's

Jonathan
    $500 6
Billie Holiday

Anne
    $500 20
(Anne: What is, oh, uh... I'm sorry.)

Doesn't matter if you're rich or poor

Anne
Triple Stumper

Scores at the first commercial break (after clue 13):

Jonathan Anne Chuck
$700 $2,700 $400

Scores at the end of the Jeopardy! Round:

Jonathan Anne Chuck
$800 $3,700 $800

Double Jeopardy! Round responses

THE SOLAR SYSTEM
GEOGRAPHICAL SINGERS
FRUITS & VEGETABLES
FRENCH DRAMA
PROTOCOL
REMEMBER THE ALAMO
    $200 3
(Anne: What is during an [*]?)
(Alex: I'm sorry, would you repeat that?)

a solar eclipse

Anne
    $200 8
okra

Anne
    $200 16
(Anne: Who is Rostand?)
...
(Alex: The creation of Edmond Rostand.)

Cyrano de Bergerac

AnneChuck
    $200 2
the foreign anthem first

Chuck
    $200 13
San Antonio

Anne
    $400 12
Venus

Jonathan
    $400 9
(Anne: What are none?)
(Chuck: What are 2?)
...
(Alex: A drupe is a kind of fruit soft-skinned like a cherry or a peach; those are drupes.)

1

JonathanAnneChuck
    $400 17
The Lady of the Camellias (Camille)

Anne
    $400 4
(Anne: What is Call Me [*]?)

Madam

Anne
    $400 14
the Franciscans

Triple Stumper
    $600 1
[Jonathan selected the first clue.]
(Jonathan: [No response])

comets

JonathanAnne
    $600 20
(Jonathan: What is United States?)

China

Jonathan
Triple Stumper
    $600 18
Tovaritch

Triple Stumper
    $600 5
(Anne: Who is the, uh, president?)

no one is allowed to leave before the highest ranking guest

Anne
Triple Stumper
    $600 15
Pee-wee Herman

Chuck
    $1,000 10
Jupiter

Jonathan
    $100 21
(Anne: A banana? What's a banana?)
(Alex: No, it's by Booker T. & the M.G.'s and the song is called [*]...)
(Alex: We've got a minute to go.)

"Green Onions"

Anne
    $800 19
the Bourgeois

Triple Stumper
    $800 6
(Jonathan: What is the left hand rear seat?)
(Anne: What is left hand--[*]?)

right hand rear seat

JonathanAnne
    $800 22
Lieutenant Colonel Travis

Anne
    $1000 11
(Anne: What is Pluto?)

Neptune

JonathanAnne
    $1000 24
the ovaries

Triple Stumper
    $1000 25
[The end-of-round signal sounds.]

Oedipus Rex

Triple Stumper
    $1000 7
(Anne: What is giving a responding toast?)
(Alex: Be more specific.)
(Anne: What is giving an answering toast?)
(Jonathan: What is toasting the person that toasted him?)

toasting the President of the United States

JonathanAnne
Triple Stumper
    $1000 23
cottonwood

Anne

Scores at the end of the Double Jeopardy! Round:

Jonathan Anne Chuck
$600 $5,000 $1,400
(lock game)

[wagering suggestions for these scores]

Final Jeopardy! Round responses

HISTORIC YEARS
JonathanWhat is 1888
$587
ChuckWhat is 1066?
$1,400
AnneWhat was 1066?
$2,000
1066

Final scores:

Jonathan Anne Chuck
$13 $7,000 $2,800
3rd place New champion: $7,000 2nd place

Game dynamics:

Coryat scores:

Jonathan Anne Chuck
$400 $4,500 $1,400
7 R
(including 1 DD),
5 W
22 R
(including 1 DD),
9 W
(including 1 DD)
11 R,
3 W

Combined Coryat: $6,300

[game clues] [game scores] [suggest correction]

Game tape date: 1986-08-13
The J! Archive is created by fans, for fans. Scraping, republication, monetization, and malicious use prohibited; this site may use cookies and collect identifying information. See terms. The Jeopardy! game show and all elements thereof, including but not limited to copyright and trademark thereto, are the property of Jeopardy Productions, Inc. and are protected under law. This website is not affiliated with, sponsored by, or operated by Jeopardy Productions, Inc. Join the discussion at JBoard.tv.